| 000 | 00591nam a2200229Ia 4500 | ||
|---|---|---|---|
| 003 | OSt | ||
| 005 | 20220924122723.0 | ||
| 006 | a|||||r|||| 00| 0 | ||
| 007 | ta | ||
| 008 | 220923b |||||||| |||| 00| 0 urd d | ||
| 024 | _a285966 | ||
| 037 | _cTextual | ||
| 040 |
_aARTS _cARTS _burd |
||
| 041 |
_2urd _aurd |
||
| 082 | _aV252:1.M6, 168M63 | ||
| 245 | 0 | _aTohfah colohel abbott | |
| 260 |
_aLucknow _bMatba Munshi Nawal Kishor India _c1986 |
||
| 300 |
_a174p. _ccm. |
||
| 650 | _aHISTORY | ||
| 942 |
_hV252:1.M6, 168M63 _cTEXL _2CC |
||
| 999 |
_c412806 _d412806 |
||